| 000 | 00651nam a22001937a 4500 | ||
|---|---|---|---|
| 999 |
_c195478 _d195478 |
||
| 005 | 20230329164814.0 | ||
| 010 | _aENG-136554 | ||
| 020 |
_a9788183153317 _c600.00 |
||
| 035 | _aEN-120086 | ||
| 037 | _bDBAD/PUB | ||
| 082 | _a810.08 | ||
| 100 | _aAdat, Dharmaraj | ||
| 245 |
_aSanskrt And Eco Aesthetics / _cBy Dharmaraj Adat, |
||
| 250 | _aFirst | ||
| 260 |
_aNew Delhi _bNew Bhartiya Book Corporation _c2018 |
||
| 270 |
_a208,2nd Floor, Prakash Deep Building, 4735/22 Ansari Road, Darya Ganj _bNew Delhi _e110002 _mdeepak.nbbc@yahoo.in _k011-23280209 _k23280214 |
||
| 300 |
_a242p.; _c21cm(hbk) |
||
| 942 |
_2ddc _cEN _h810.08 _mDHA |
||